National Anthem of Hungary - "Himnusz" - Statistics

General Stats
  • This quiz has been taken 6 times
  • The average score is 25 of 32
Answer Stats
Answer % Correct
a
100%
a
83%
áldd
83%
bőséggel,
83%
e
83%
ellenséggel;
83%
feléje
83%
ha
83%
Isten,
83%
83%
kart,
83%
kedvvel,
83%
küzd
83%
magyart
83%
meg
83%
nyújts
83%
s
83%
védő
83%
akit
67%
Bal
67%
esztendőt,
67%
hozz
67%
jövendőt!
67%
már
67%
megbűnhődte
67%
múltat
67%
nép,
67%
67%
régen
67%
sors
67%
tép,
67%
víg
67%
No matching quizzes found
Score Distribution
Percent of People with Each Score
Percentile by Number Answered
Your Score History
You have not taken this quiz